U.S. Presidential Candidates from Massachusetts - Statistics

General Stats
  • This quiz has been taken 34 times
  • The average score is 6 of 7
Answer Stats
Year Political Party Presidential Candidate % Correct
1960 Democratic John F. Kennedy
96%
2004 Democratic John Kerry
96%
2012 Republican Mitt Romney
96%
1796 Federalist John Adams
93%
1824 Democratic-Republican John Quincy Adams
93%
1988 Democratic Michael Dukakis
89%
1924 Republican Calvin Coolidge
82%
No matching quizzes found
Score Distribution
Percent of People with Each Score
Percentile by Number Answered
Your Score History
You have not taken this quiz